سرقة التاريخ / (Record no. 24885)
[ view plain ]
| 000 -LEADER | |
|---|---|
| fixed length control field | 01221nam a2200325 i 4500 |
| 003 - CONTROL NUMBER IDENTIFIER | |
| control field | EG-ScBUE |
| 005 - DATE AND TIME OF LATEST TRANSACTION | |
| control field | 20230911112748.0 |
| 008 - FIXED-LENGTH DATA ELEMENTS--GENERAL INFORMATION | |
| fixed length control field | 170517s2010 su f b 000 00 ara d |
| 020 ## - INTERNATIONAL STANDARD BOOK NUMBER | |
| International Standard Book Number | 9789960549774 |
| 040 ## - CATALOGING SOURCE | |
| Original cataloging agency | EG-ScBUE |
| Language of cataloging | ara |
| Description conventions | rda |
| Transcribing agency | EG-ScBUE |
| Modifying agency | EG-ScBUE |
| 041 1# - LANGUAGE CODE | |
| Language code of text/sound track or separate title | ara |
| Language code of original and/or intermediate translations of text | eng |
| 082 04 - DEWEY DECIMAL CLASSIFICATION NUMBER | |
| Classification number | 901 |
| Item number | غ و د |
| Edition number | 22 |
| 100 1# - MAIN ENTRY--PERSONAL NAME | |
| Personal name | جودي، جاك، |
| Relator term | مؤلف. |
| 240 14 - UNIFORM TITLE | |
| Uniform title | <a href="The theft of history. ">The theft of history. </a> |
| Language of a work | Arabic. |
| 245 10 - TITLE STATEMENT | |
| Title | سرقة التاريخ / |
| Statement of responsibility, etc | جاك غودي ؛ نقلة إلى العربية محمد محمود التوبة. |
| 250 ## - EDITION STATEMENT | |
| Edition statement | الطبعة العربية الأولى. |
| 264 #1 - PUBLICATION, DISTRIBUTION, ETC. (IMPRINT) | |
| Place of publication, distribution, etc | الرياض : |
| Name of publisher, distributor, etc | العبيكان للنشر، |
| Date of publication, distribution, etc | 2010. |
| 300 ## - PHYSICAL DESCRIPTION | |
| Extent | 459 صفحة ؛ |
| Dimensions | 24 سم |
| 336 ## - CONTENT TYPE | |
| Source | rdacontent |
| Content type term | نص |
| Content type code | txt |
| 337 ## - MEDIA TYPE | |
| Source | rdamedia |
| Media type term | بدون وسيط |
| Media type code | n |
| 338 ## - CARRIER TYPE | |
| Source | rdacarrier |
| Carrier type term | مجلد |
| Carrier type code | nc |
| 504 ## - BIBLIOGRAPHY, ETC. NOTE | |
| Bibliography, etc | يشتمل على إرجاعات ببليوجرافية. |
| 546 ## - LANGUAGE NOTE | |
| Language note | النص باللغة العربية ؛ مترجم من اللغة الإنجليزية. |
| 650 #7 - SUBJECT ADDED ENTRY--TOPICAL TERM | |
| Source of heading or term | BUEsh |
| Topical term or geographic name as entry element | التاريخ |
| General subdivision | فلسفة. |
| 9 (RLIN) | 16316 |
| 651 ## - SUBJECT ADDED ENTRY--GEOGRAPHIC NAME | |
| Source of heading or term | BUEsh |
| 653 ## - INDEX TERM--UNCONTROLLED | |
| Resource For college | Generalities |
| Arrived date list | May2017 |
| 655 ## - INDEX TERM--GENRE/FORM | |
| Form subdivision | Reading book |
| 700 1# - ADDED ENTRY--PERSONAL NAME | |
| Personal name | توبة، محمد محمود، |
| Relator term | مترجم. |
| 942 ## - ADDED ENTRY ELEMENTS (KOHA) | |
| Source of classification or shelving scheme | Dewey Decimal Classification |
| Koha item type | Book - Borrowing |
| Withdrawn status | Lost status | Source of classification or shelving scheme | Damaged status | Not for loan | Collection code | Home library | Current library | Shelving location | Date acquired | Source of acquisition | Cost, normal purchase price | Serial Enumeration / chronology | Total Checkouts | Full call number | Barcode | Date last seen | Cost, replacement price | Price effective from | Koha item type |
|---|---|---|---|---|---|---|---|---|---|---|---|---|---|---|---|---|---|---|---|
| Dewey Decimal Classification | العبيكان | Central Library | Central Library | Second Floor | 24/05/2017 | Purchase | 122.00 | 175534 | 901 غ و د | 000041899 | 15/07/2025 | 153.00 | 24/05/2017 | Book - Borrowing |